عرض عادي عرض مارك
  • Oracle (Computer file)

مدخل عنوان موحد

عدد التسجيلات المستخدمة في: 1

001 - رقم الضبط

  • حقل الضبط: 58309

003 - معرف رقم الضبط

  • حقل الضبط: OSt

005 - تاريخ ووقت أخر عملية

  • حقل الضبط: 20170803175849.0

008 - عناصر بيانات ثابتة الطول

  • حقل تحكم ثابت الطول: 170803|| aca||aabn | a|a d

040 ## - مصدر الفهرسة

  • هيئة الفهرسة الأصلية: OSt
  • وكالة الكتابة: OSt

130 ## - مدخل -- اسم مؤتمر

  • العنوان الموحد: Oracle (Computer file)
  • تفريع عام: Examinations
  • تفريع شكلي: Study guides.

670 ## - بيانات المصدر موجوده

  • الاستشهاد بالمصدر: Work cat.: (OSt)0: Watson, John. 58308, OCA Oracle database 12c : Exam 1Z0-062 /